<?xml version="1.0" encoding="UTF-8"?>
<record
    xmlns:xsi="http://www.w3.org/2001/XMLSchema-instance"
    xsi:schemaLocation="http://www.loc.gov/MARC21/slim http://www.loc.gov/standards/marcxml/schema/MARC21slim.xsd"
    xmlns="http://www.loc.gov/MARC21/slim">

  <leader>00189    a2200085   4500</leader>
  <datafield tag="020" ind1=" " ind2=" ">
    <subfield code="a">9781400220267</subfield>
  </datafield>
  <datafield tag="100" ind1=" " ind2=" ">
    <subfield code="a">Hiatt A.</subfield>
    <subfield code="9">206017</subfield>
  </datafield>
  <datafield tag="245" ind1=" " ind2=" ">
    <subfield code="a">Bet on Yourself</subfield>
  </datafield>
  <datafield tag="260" ind1=" " ind2=" ">
    <subfield code="b">Harper Collins</subfield>
    <subfield code="c">2021</subfield>
  </datafield>
  <datafield tag="999" ind1=" " ind2=" ">
    <subfield code="c">357505</subfield>
    <subfield code="d">357505</subfield>
  </datafield>
  <datafield tag="952" ind1=" " ind2=" ">
    <subfield code="0">0</subfield>
    <subfield code="1">0</subfield>
    <subfield code="2">ddc</subfield>
    <subfield code="4">0</subfield>
    <subfield code="7">0</subfield>
    <subfield code="a">CCEP</subfield>
    <subfield code="b">CCEP</subfield>
    <subfield code="d">2024-03-12</subfield>
    <subfield code="e">155</subfield>
    <subfield code="g">1811.65</subfield>
    <subfield code="l">21</subfield>
    <subfield code="o">823.3 HIA</subfield>
    <subfield code="p">CCEP-BK-66891</subfield>
    <subfield code="r">2026-03-09 12:08:04</subfield>
    <subfield code="s">2026-02-21</subfield>
    <subfield code="v">2415.53</subfield>
    <subfield code="w">2024-03-12</subfield>
    <subfield code="y">BK</subfield>
  </datafield>
</record>
